Fútbol en la escuela

Guardat en:
Dades bibliogràfiques
Autor principal: Busch, Wilhelm (Autor)
Format: Llibre
Idioma:espanyol
Publicat: Buenos Aires Kapelusz 1976
Edició:2a. ed
Col·lecció:Colección de educación física
Matèries:
Etiquetes: Afegir etiqueta
Sense etiquetes, Sigues el primer a etiquetar aquest registre!

MARC

LEADER 00000nam a2200000 a 4500
001 UCY9413
003 CL-VaPUC
008 950717e19760400AG |||||||||||||||||spa|d
082 0 4 |a 796.334  |b BUS  |2 21 
100 0 |a Busch, Wilhelm  |e author  |9 341553 
245 1 0 |a Fútbol en la escuela 
250 |a 2a. ed 
300 |a 93 p 
942 |c BK 
945 |d 19950717 00:00:00  |a mfernand 
260 |a Buenos Aires  |b Kapelusz  |c 1976 
650 0 |a Fútbol  |9 307513 
650 7 |a JUEGOS DE PELOTA  |2 CL-VaPUC  |9 340284 
583 |a last modification  |c 19950717 00:00:00  |k Rodrigo Vera 
490 0 |a Colección de educación física 
999 |c 236509  |d 236507 
952 |0 0  |1 0  |4 0  |6 796_334000000000000_BUS_1976  |7 0  |8 P  |9 244638  |a BIBEDU  |b BIBEDU  |c BIBEDU_PB  |d 2019-11-18  |i 1536311  |o 796.334 BUS 1976  |p 1536311  |r 2024-01-25  |w 2019-11-18  |y BK  |k EDU 
952 |0 0  |1 0  |4 0  |6 796_334000000000000_BUS_1976  |7 0  |8 P  |9 244639  |a BIBEDU  |b BIBEDU  |c BIBEDU_PB  |d 2019-11-18  |i 1634194  |o 796.334 BUS 1976  |p 1634194  |r 2024-01-25  |w 2019-11-18  |y BK  |k EDU